000 01102nmm a2200313 a 4500
001 ocm0001299406
003 TR-IsHL
005 20201028161918.0
008 160715s2016 tu tur
007 cr cn
020 _a9789944122443
035 _a1299406
_b(N$T)
050 0 4 _aDK265.8.L4
_b R27 2016
090 0 4 _aDK265.8.L4
_b R27 2016
100 1 _aRabinowitch, Alexander
245 1 0 _aBolşevikler iktidara geliyor: Petrograd'da 1917 devrimi
_h[electronic resource] /
_cAlexander Rabinowitch ; çeviri Levent Konyar
250 _a2. basım
260 _aİstanbul :
_bYordam Kitap,
_c2016
300 _a368 p.
500 _aDizin var.
_x
650 4 _aTarih
650 4 _aHistory
650 0 _aLenin, Vladimir Ilich, 1870-1924.
650 0 _aSaint Petersburg (Rusya)
_xTarih
_xDevrim, 1917-1921
650 0 _aSaint Petersburg (Russia)
_xHistory
_xRevolution, 1917-1921
650 7 _aHISTORY / Middle East / Turkey & Ottoman Empire
_2bisacsh
700 1 _aKonyar, Levent
856 4 0 _uhttp://search.ebscohost.com/login.aspx?direct=true&scope=site&db=e011xww&AN=1299406
999 _c14417
_d14417